000
00322nam a2200133Ia 4500
100
_a
C-DAC
650
_a
Information technology
490
_v
01-Mar
942
_c
RB
654
_a
Information Technology
245
_a
Information technology in Marathi
260
_b
Tata McGraw Hill
_a
New Delhi
_c
1999
546
_a
ENGLISH
999
_c
18896
_d
18896